| 000 | 00610nas a2200229 i 4500 | ||
|---|---|---|---|
| 001 | 2462 | ||
| 003 | ES-MaACL | ||
| 005 | 20250217134635.0 | ||
| 007 | t| | ||
| 008 | 950801d191419??sp | | 1 ||pa d | ||
| 022 | _a2481-2633 | ||
| 245 | 0 | 0 |
_aPoliclínica sevillana _b: revista quincenal de especialidades / _cdir. Blas Tello. |
| 260 |
_aSevilla : _bGómez Hnos, _c1914- |
||
| 300 |
_a1 v. ; _c28 cm. |
||
| 310 | _aQuincenal | ||
| 362 | 0 | _a(1914)- | |
| 650 | 1 | 4 |
_aPatología. _915884 |
| 700 | 1 |
_aTello, Blas, _edir. _9194499 |
|
| 852 |
_aES-MaACL _jB-11149 |
||
| 866 | 0 | _o1915. | |
| 999 |
_c2462 _d2462 |
||